| 000 | nam a22 7a 4500 | ||
|---|---|---|---|
| 999 |
_c173040 _d173040 |
||
| 003 | Nust | ||
| 005 | 20170117155349.0 | ||
| 008 | 170117b xxu||||| |||| 00| 0 eng d | ||
| 040 | _cDLC | ||
| 082 |
_a915.46 _bKHA |
||
| 245 |
_aHistory of Karakoram Highway [vol II] _cKhalid, Muhammad Mumtaz |
||
| 260 |
_aRawalpindi : _bHamza Pervez Printers, _c 2006 |
||
| 300 |
_axxxvi, 340p. : _bill. ; _c25 cm |
||
| 942 |
_2ddc _cBK |
||